[Event "CRO-chT3 South"]
[Site "Dubrovnik"]
[Date "2013.10.19"]
[Round "6.3"]
[White "Dropulic, Elvis"]
[Black "Lacmanovic, Stipe"]
[Result "0-1"]
[WhiteElo "1994"]
[BlackElo "2060"]
[PlyCount "132"]
[EventDate "2013.04.27"]
[EventType "team-tourn"]
[EventRounds "7"]
[EventCountry "CRO"]
[SourceTitle "EXT 2014"]
[Source "ChessBase"]
[SourceDate "2013.11.20"]
[SourceVersion "1"]
[SourceVersionDate "2013.11.20"]
[SourceQuality "1"]
[WhiteTeam "Stobrec"]
[BlackTeam "Sibenik II"]
[WhiteTeamCountry "CRO"]
[BlackTeamCountry "CRO"]

1. e4 c5 2. Nc3 Nc6 3. d3 g6 4. Be3 d6 5. d4 b6 6. Bb5 Bd7 7. dxc5 bxc5 8. Qd5 Nf6 9. Qc4 Ng4 10. Nf3 Nxe3 11. fxe3 Bg7 12. Qd5 Rc8 13. 0-0 0-0 14. h4 Be6 15. Qd2 Ne5 16. Ng5 Bd7 17. Bxd7 Qxd7 18. Rab1 Nc4 19. Qd3 Nxe3 20. Rf3 Ng4 21. Rbf1 Ne5 22. Qe2 Nxf3+ 23. Qxf3 e6 24. Nd1 Qe7 25. Qh3 Bh6 26. Nf3 f5 27. Re1 Rce8 28. Nf2 Qb7 29. b3 Qb4 30. Qg3 e5 31. exf5 Rxf5 32. Ne4 Ref8 33. Re2 Rf4 34. Nf2 e4 35. Nh2 Rxf2 36. Rxf2 Qe1+ 37. Nf1 Qd1 38. Qc3 Rxf2 39. Kxf2 Qd4+ 40. Qxd4 cxd4 41. Ke2 d5 42. Nh2 Kf7 43. Ng4 Bf4 44. Nf2 Ke6 45. Nh3 Bg3 46. Ng5+ Ke7 47. h5 gxh5 48. Nh3 h6 49. Ng1 Bd6 50. Nh3 Ke6 51. Kf2 Kf5 52. Ke2 Kg4 53. Kf2 Bc5 54. Ke2 Kg3 55. a4 Bd6 56. Kf1 a5 57. Ng1 Bc5 58. Nh3 h4 59. Ke2 Bb4 60. Kf1 Bd2 61. Ng1 Kf4 62. Ne2+ Ke3 63. Ng1 d3 64. cxd3 Kxd3 65. Ne2 Be3 66. Ke1 Kc2 0-1

[Event "CRO-chT3 South"]
[Site "Dubrovnik"]
[Date "2013.10.12"]
[Round "5.2"]
[White "Lacmanovic, Stipe"]
[Black "Music, Tomislav"]
[Result "1/2-1/2"]
[WhiteElo "2060"]
[BlackElo "2041"]
[PlyCount "120"]
[EventDate "2013.04.27"]
[EventType "team-tourn"]
[EventRounds "7"]
[EventCountry "CRO"]
[SourceTitle "EXT 2014"]
[Source "ChessBase"]
[SourceDate "2013.11.20"]
[SourceVersion "1"]
[SourceVersionDate "2013.11.20"]
[SourceQuality "1"]
[WhiteTeam "Sibenik II"]
[BlackTeam "Dubrovnik II"]
[WhiteTeamCountry "CRO"]
[BlackTeamCountry "CRO"]

1. e4 e5 2. Nf3 d6 3. d4 Nd7 4. dxe5 dxe5 5. Bc4 c6 6. Ng5 Nh6 7. Qf3 Qf6 8. 0-0 Bc5 9. Qg3 0-0 10. Nf3 Kh8 11. Bg5 Qg6 12. Nh4 Qxe4 13. Nd2 Qg4 14. Bxh6 Qxg3 15. hxg3 gxh6 16. Ne4 b5 17. Be2 f5 18. Nxc5 Nxc5 19. Nf3 e4 20. Nd4 Bb7 21. Rfd1 Na4 22. Ne6 Rf7 23. Rd6 Nb6 24. b3 Rc8 25. Rad1 Re8 26. Bh5 Rxe6 27. Bxf7 Re7 28. Be6 Kg7 29. Bxf5 e3 30. f3 Nd5 31. Rd7 e2 32. Re1 Rxd7 33. Bxd7 Nc3 34. Bf5 Kf6 35. g4 h5 36. Kf2 b4 37. Bd3 hxg4 38. Bxe2 gxf3 39. gxf3 h5 40. Kg3 Nxa2 41. Ra1 Nc3 42. Bd3 c5 43. Rxa7 h4+ 44. Kf4 Nd5+ 45. Kg4 Ne3+ 46. Kxh4 Bxf3 47. Rc7 c4 48. bxc4 Bd1 49. Rb7 Bxc2 50. Bxc2 Nxc2 51. Kg4 Ke5 52. Rb5+ Kd4 53. c5 Kd5 54. Rb8 Kxc5 55. Rc8+ Kd4 56. Rxc2 b3 57. Rc8 b2 58. Rb8 Kc3 59. Kf3 Kc2 60. Rc8+ Kd3 1/2-1/2

[Event "CRO-chT 16th"]
[Site "Sibenik"]
[Date "2007.05.20"]
[Round "4"]
[White "Lacmanovic, Stipe"]
[Black "Neumeister, Willibald"]
[Result "1-0"]
[WhiteElo "2081"]
[BlackElo "1962"]
[PlyCount "71"]
[EventDate "2007.05.17"]
[EventType "team"]
[EventRounds "5"]
[EventCountry "CRO"]
[SourceTitle "CBM 118 Extra"]
[Source "ChessBase"]
[SourceDate "2007.07.04"]
[SourceVersion "1"]
[SourceVersionDate "2007.07.04"]
[SourceQuality "1"]

1. e4 c5 2. Nf3 Nc6 3. d4 cxd4 4. Nxd4 g6 5. c4 Bg7 6. Be3 Nf6 7. Nc3 0-0 8. Be2 b6 9. Qd2 Bb7 10. 0-0 Rc8 11. f3 d6 12. Rfd1 Nd7 13. Rac1 Nxd4 14. Bxd4 Bxd4+ 15. Qxd4 Qc7 16. Nd5 Bxd5 17. cxd5 Qxc1 18. Rxc1 Rxc1+ 19. Kf2 Rfc8 20. Kg3 R8c2 21. Bd3 Rc7 22. Bb5 Nb8 23. h4 f6 24. b4 Kf7 25. Qe3 Kg7 26. Bc6 Rc4 27. Qb3 Rc1 28. b5 Nd7 29. Qb2 Rd1 30. Bxd7 Rxd7 31. Qc2 Ra1 32. Qc8 Rxa2 33. Qxd7 Kf7 34. Qe6+ Kf8 35. Qc8+ Kf7 36. Qh8 1-0

[Event "CRO-chT 16th"]
[Site "Sibenik"]
[Date "2007.05.17"]
[Round "1"]
[White "Plenca, Julian"]
[Black "Lacmanovic, Stipe"]
[Result "1/2-1/2"]
[WhiteElo "2211"]
[BlackElo "2081"]
[PlyCount "88"]
[EventDate "2007.05.17"]
[EventType "team"]
[EventRounds "5"]
[EventCountry "CRO"]
[SourceTitle "CBM 118 Extra"]
[Source "ChessBase"]
[SourceDate "2007.07.04"]
[SourceVersion "1"]
[SourceVersionDate "2007.07.04"]
[SourceQuality "1"]

1. e4 d6 2. d4 Nf6 3. Nc3 c6 4. h3 g6 5. g3 Bg7 6. Bg2 0-0 7. Nge2 Nbd7 8. 0-0 Rb8 9. a4 b6 10. Be3 Ba6 11. Qd2 c5 12. Nb5 Bb7 13. d5 a6 14. Na3 b5 15. axb5 axb5 16. b4 Bc8 17. Rab1 Ba6 18. Nc3 cxb4 19. Rxb4 Qa5 20. Ne2 Qxa3 21. Bd4 Nxe4 22. Bxe4 Bxd4 23. Qxd4 Qa5 24. Ra1 Qb6 25. Qd2 Ne5 26. Nd4 Rfc8 27. Qg5 Rc4 28. Rxc4 bxc4 29. c3 f6 30. Qh6 Bc8 31. Nc6 Nxc6 32. dxc6 Be6 33. Rb1 Qxb1+ 34. Bxb1 Rxb1+ 35. Kh2 Bd5 36. g4 Bxc6 37. Qe3 Kf7 38. f3 Rd1 39. Qh6 Kg8 40. Qf4 Bd5 41. Qe3 Kf7 42. Qh6 Kg8 43. Qe3 Kf7 44. Qh6 Kg8 1/2-1/2

[Event "CRO Cup 14th"]
[Site "Sibenik"]
[Date "2005.06.02"]
[Round "6"]
[White "Svaljek, Radmila"]
[Black "Lacmanovic, Stipe"]
[Result "1/2-1/2"]
[WhiteElo "2038"]
[BlackElo "2123"]
[PlyCount "39"]
[EventDate "2005.05.30"]
[EventType "team"]
[EventRounds "7"]
[EventCountry "CRO"]
[SourceTitle "CBM 106 Extra"]
[Source "ChessBase"]
[SourceDate "2005.07.01"]
[SourceVersion "1"]
[SourceVersionDate "2005.07.01"]
[SourceQuality "1"]

1. d4 Nf6 2. Nf3 g6 3. Bg5 Bg7 4. c3 d6 5. Nbd2 0-0 6. e4 c6 7. Be2 Qc7 8. 0-0 h6 9. Bh4 e5 10. dxe5 dxe5 11. Re1 Nbd7 12. Qc2 Nb6 13. Nc4 Nxc4 14. Bxc4 Bg4 15. Nd2 g5 16. Bg3 Rad8 17. Nf1 Nh5 18. Ne3 Bc8 19. a4 Nf4 20. Rad1 1/2-1/2

[Event "CRO Cup 14th"]
[Site "Sibenik"]
[Date "2005.05.31"]
[Round "2"]
[White "Lacmanovic, Stipe"]
[Black "Kutuzovic, Branko"]
[Result "0-1"]
[WhiteElo "2123"]
[BlackElo "2364"]
[PlyCount "104"]
[EventDate "2005.05.30"]
[EventType "team"]
[EventRounds "7"]
[EventCountry "CRO"]
[SourceTitle "CBM 106 Extra"]
[Source "ChessBase"]
[SourceDate "2005.07.01"]
[SourceVersion "1"]
[SourceVersionDate "2005.07.01"]
[SourceQuality "1"]

1. e4 c5 2. Nf3 d6 3. Bb5+ Nd7 4. 0-0 Ngf6 5. e5 dxe5 6. Nxe5 a6 7. Nxd7 Bxd7 8. Bxd7+ Qxd7 9. Qf3 e6 10. d3 Qd5 11. Qxd5 Nxd5 12. Nc3 Nb4 13. Be3 Nxc2 14. Rac1 Nb4 15. Rfd1 Rd8 16. Na4 Nxa2 17. Ra1 Nb4 18. Nxc5 Bxc5 19. Bxc5 Nxd3 20. Bb6 Rd6 21. Rac1 Nxc1 22. Rxd6 Ke7 23. Bc5 Rc8 24. Ba3 Ke8 25. Kf1 Rd8 26. Rxd8+ Kxd8 27. Ke1 Nd3+ 28. Ke2 Nf4+ 29. Kf3 Nd5 30. Ke4 Kd7 31. f4 b5 32. Bc5 a5 33. f5 Nf6+ 34. Kf4 exf5 35. Kxf5 Kc6 36. Bf8 Ne8 37. Be7 Kd5 38. Kf4 Kc4 39. Bd8 a4 40. Bb6 b4 41. Ke3 Kb3 42. Bd4 Kc2 43. g4 a3 44. bxa3 bxa3 45. Ke4 a2 46. g5 Kb1 47. Kd5 a1Q 48. Bxa1 Kxa1 49. Kc6 f5 50. gxf6 gxf6 51. h4 h5 52. Kd5 Ng7 0-1

[Event "CRO-chT2"]
[Site "Pula"]
[Date "2000.09.13"]
[Round "3"]
[White "Lacmanovic, Stipe"]
[Black "Jovanic, Ognjen"]
[Result "0-1"]
[WhiteElo "2162"]
[BlackElo "2313"]
[PlyCount "62"]
[EventDate "2000.09.??"]
[EventType "team-swiss"]
[EventRounds "7"]
[EventCountry "CRO"]
[SourceTitle "EXT 2001"]
[Source "ChessBase"]
[SourceDate "2000.11.22"]
[SourceVersion "1"]
[SourceVersionDate "2000.11.22"]
[SourceQuality "1"]

1. e4 g6 2. d4 Bg7 3. Nf3 d6 4. Bc4 Nf6 5. Nc3 c6 6. 0-0 b5 7. Bd3 Qc7 8. h3 0-0 9. Bf4 Nh5 10. Bh2 e5 11. Ne2 Nd7 12. c3 a6 13. Re1 Bb7 14. Qd2 Rfe8 15. Rad1 Rad8 16. g4 Nhf6 17. Ng3 h6 18. dxe5 dxe5 19. Qe2 Nc5 20. Bc2 Ne6 21. Nf1 Nd7 22. Nd4 Nf4 23. Bxf4 exf4 24. f3 Ne5 25. Bb3 c5 26. Rc1 cxd4 27. cxd4 Qb6 28. Kg2 Rxd4 29. Rc3 Red8 30. Rec1 R4d7 31. Rc5 Nd3 0-1

[Event "CRO-chT3"]
[Site "Zadar"]
[Date "1999.??.??"]
[Round "1"]
[White "Kljako, Damir"]
[Black "Lacmanovic, Stipe"]
[Result "1-0"]
[WhiteElo "2239"]
[BlackElo "2215"]
[PlyCount "57"]
[EventDate "1999.??.??"]
[EventType "team"]
[EventRounds "7"]
[EventCountry "CRO"]
[SourceTitle "EXT 2000"]
[Source "ChessBase"]
[SourceDate "1999.11.16"]
[SourceVersion "1"]
[SourceVersionDate "1999.11.16"]
[SourceQuality "1"]

1. d4 g6 2. e4 Bg7 3. Nf3 d6 4. Nc3 Nf6 5. Be2 0-0 6. 0-0 c6 7. a4 Qc7 8. h3 Nbd7 9. Be3 b6 10. Qd2 Rd8 11. Bh6 Bh8 12. Bc4 Nf8 13. Ng5 d5 14. Bb3 Ne6 15. exd5 Nxd5 16. Nxd5 cxd5 17. Nxe6 Bxe6 18. Rfe1 Bf6 19. Bf4 Qb7 20. Be5 Bxe5 21. Rxe5 Bc8 22. Rae1 e6 23. Qg5 Rf8 24. Qh6 Qc7 25. c3 Bd7 26. Bc2 Qd8 27. Rh5 Re8 28. Qxh7+ Kf8 29. Rxd5 1-0

[Event "CRO-chT3"]
[Site "Zadar"]
[Date "1999.??.??"]
[Round "2"]
[White "Licardo, Renato"]
[Black "Lacmanovic, Stipe"]
[Result "1-0"]
[WhiteElo "2185"]
[BlackElo "2215"]
[PlyCount "87"]
[EventDate "1999.??.??"]
[EventType "team"]
[EventRounds "7"]
[EventCountry "CRO"]
[SourceTitle "EXT 2000"]
[Source "ChessBase"]
[SourceDate "1999.11.16"]
[SourceVersion "1"]
[SourceVersionDate "1999.11.16"]
[SourceQuality "1"]

1. e4 g6 2. d4 Bg7 3. Nc3 d6 4. Be3 Nf6 5. f3 0-0 6. Qd2 Nbd7 7. 0-0-0 b6 8. Bc4 Bb7 9. g4 c5 10. Nge2 Rc8 11. Bd5 Nxd5 12. exd5 cxd4 13. Nxd4 Ne5 14. Bh6 Nc4 15. Qf4 e5 16. dxe6 fxe6 17. Qg5 Bf6 18. Qb5 Rc5 19. Qa4 Re8 20. Rhe1 e5 21. Nb3 Bc6 22. Qa6 Bg5+ 23. Bxg5 Qxg5+ 24. Kb1 Ne3 25. Rxd6 Bxf3 26. Nxc5 bxc5 27. h3 Qf4 28. Qd3 Nc4 29. Rd7 Nb6 30. Rxa7 e4 31. Nd5 Qe5 32. Ne7+ Rxe7 33. Qd8+ Re8 34. Qxb6 e3 35. b3 e2 36. Qa5 Bc6 37. Qd2 c4 38. Qh6 Re7 39. Rxe7 Qxe7 40. Qf4 Qe6 41. Qxc4 Qxc4 42. bxc4 Bf3 43. Kc1 Kf7 44. Kd2 1-0